| 000 | 00458nam a2200169Ia 4500 | ||
|---|---|---|---|
| 001 | 54397 | ||
| 008 | 120203n ii |||gr||||Z||||||465 | ||
| 082 | _a823 | ||
| 100 | _aBhattacharyya Birendra Kumar . | ||
| 245 | 0 |
_aTITLE_MISSING_IN_SOUL _cBirendra Kumar Bhattacharyya _hTextual Documents |
|
| 250 | _aIst ed. | ||
| 260 |
_aGuwa: _bOrchid Publication. |
||
| 300 |
_a420p: _c21cm. |
||
| 653 | _aMrityunjay-Novel | ||
| 653 | _aG-Assamese | ||
| 942 |
_2ddc _cBK |
||
| 999 |
_c54359 _d54359 |
||